[Event "American World Cup Q Prelim"]
[Site "Tornelo INT"]
[Date "2021.05.09"]
[Round "5"]
[White "Lee, Hayden"]
[Black "Grant, Chevaughn"]
[Result "0-1"]
[WhiteElo "1852"]
[BlackElo "1544"]
[PlyCount "96"]
[EventDate "2021.05.08"]
[EventType "swiss (rapid)"]
[EventRounds "9"]
[EventCountry "USA"]
[SourceTitle "CBM 202 Extra"]
[Source "ChessBase"]
[SourceDate "2021.07.31"]
[SourceVersion "1"]
[SourceVersionDate "2021.07.31"]
[SourceQuality "1"]

1. d4 Nf6 2. Nf3 g6 3. Nc3 Bg7 4. e4 d6 5. Bf4 0-0 6. Qd2 Nbd7 7. Bh6 e5 8. d5 Nc5 9. Bxg7 Kxg7 10. Qe3 a5 11. h4 h5 12. Ng5 Ng4 13. Qe2 f6 14. Nf3 Bd7 15. Nd2 Rb8 16. f3 Nh6 17. a4 f5 18. 0-0-0 Nxa4 19. Nxa4 Bxa4 20. exf5 Nxf5 21. Qe1 Nd4 22. b3 Bd7 23. g4 hxg4 24. h5 Nxf3 25. Nxf3 gxf3 26. hxg6 Qg5+ 27. Kb1 Rh8 28. Bd3 Rxh1 29. Qxh1 Rh8 30. Qxf3 Qf4 31. Qg2 Rh2 32. Qg1 Qf2 33. Qg5 Qf6 34. Qxf6+ Kxf6 35. Rf1+ Ke7 36. Rf7+ Ke8 37. Rh7 Rg2 38. g7 c6 39. dxc6 Bxc6 40. Bc4 d5 41. Be2 Kf7 42. Bd3 e4 43. Bf1 Rxg7 44. Rxg7+ Kxg7 45. Kb2 Kf6 46. Kc3 Ke5 47. Be2 d4+ 48. Kc4 e3 0-1

[Event "American World Cup Q Prelim"]
[Site "Tornelo INT"]
[Date "2021.05.08"]
[Round "4"]
[White "Carbone, Diego"]
[Black "Grant, Chevaughn"]
[Result "1-0"]
[WhiteElo "2234"]
[BlackElo "1544"]
[PlyCount "75"]
[EventDate "2021.05.08"]
[EventType "swiss (rapid)"]
[EventRounds "9"]
[EventCountry "USA"]
[SourceTitle "CBM 202 Extra"]
[Source "ChessBase"]
[SourceDate "2021.07.31"]
[SourceVersion "1"]
[SourceVersionDate "2021.07.31"]
[SourceQuality "1"]

1. d4 Nf6 2. c4 g6 3. g3 Bg7 4. Bg2 0-0 5. Nc3 d6 6. Nf3 c6 7. 0-0 a5 8. h3 Na6 9. e4 Qc7 10. Be3 e5 11. Re1 Bd7 12. c5 exd4 13. cxd6 Qxd6 14. e5 Qb4 15. exf6 dxe3 16. fxg7 exf2+ 17. Kxf2 Kxg7 18. Qxd7 Qxb2+ 19. Qd2 Qa3 20. Qd4+ Kg8 21. Ne5 Rad8 22. Nd7 Qb2+ 23. Re2 Rxd7 24. Qxd7 Qxa1 25. Ne4 Nb4 26. Qd6 Kg7 27. g4 h6 28. h4 f6 29. Nc5 Nd5 30. Ne6+ Kh7 31. Nxf8+ Kg8 32. Bxd5+ cxd5 33. Qe6+ Kg7 34. Qe7+ Kg8 35. Qh7+ Kxf8 36. Qh8+ Kf7 37. Qe8+ Kg7 38. Re7# 1-0